[Event "RUS-chT"]
[Site "Sochi"]
[Date "2007.05.07"]
[Round "6"]
[White "Ivanchuk, Vassily"]
[Black "Miton, Kamil"]
[Result "1-0"]
[WhiteElo "2729"]
[BlackElo "2653"]
[Annotator "Ftacnik,L"]
[PlyCount "73"]
[EventDate "2007.05.02"]
[EventType "team"]
[EventRounds "9"]
[EventCountry "RUS"]
[SourceTitle "CBM 118"]
[Source "ChessBase"]
[SourceDate "2007.05.31"]
[SourceVersion "1"]
[SourceVersionDate "2007.05.31"]
[SourceQuality "1"]

1. e4 e5 2. Nf3 Nc6 3. Bb5 a6 4. Ba4 Nf6 5. O-O Be7 6. Re1 b5 7. Bb3 d6 8. c3
O-O 9. h3 Bb7 10. d4 Re8 11. Ng5 Rf8 12. Nf3 Re8 13. Nbd2 Bf8 14. a4 Na5 {
Miton opts for less popular alternative to the mainstream moves like 14..h6.}
15. Bc2 b4 16. Bd3 bxc3 17. bxc3 d5 $5 {The pawn advance d6-d5 in Ruy Lopez
has grown to be the major strategic idea. Black clears up the centre,
unleashes his pieces and in most cases solves all his problems.} 18. exd5 (18.
Nxe5 dxe4 19. Nxe4 Nxe4 20. Rxe4 (20. Bxe4 Bxe4 21. Rxe4 f6 $17) 20... Bxe4 21.
Bxe4 Rxe5 22. Bxa8 c6 $15) 18... exd4 $2 (18... Qxd5 $1 19. c4 (19. Ne4 exd4
20. Nxf6+ gxf6 21. cxd4 Nb3 $1 $15) 19... Qd8 20. d5 c6 21. Bb2 $13) 19. Rxe8
Qxe8 20. c4 c6 (20... Bd6 21. Nxd4 c6 (21... Bh2+ 22. Kxh2 Qe5+ 23. Kg1 Qxd4
24. Ra3 $16) 22. dxc6 Nxc6 23. Rb1 $14) 21. Nb3 $1 {More often than not the
knight on a5 is located poorly. Ivanchuk exploits its weakness by offering to
exchange at an unpleasant moment for his opponent.} Qd8 (21... Nxb3 22. Qxb3
Bc8 (22... Rb8 23. Bf4) 23. Bg5 cxd5 24. Bxf6 dxc4 25. Bxc4 gxf6 26. Re1 $16) (
21... Bb4 22. Ba3 Nxb3 23. Qxb3 Bxa3 24. Qxb7 Bc5 25. dxc6 $16) 22. Rb1 $1 Bc8
(22... Ra7 23. Nxa5 Qxa5 24. Bc2 c5 25. Qd3 g6 26. Bb2 Ra8 27. Bxd4 cxd4 28.
Rxb7 $16) 23. Nxa5 Qxa5 24. dxc6 {Black has lost the first middlegame phase,
his task will be to build up some resistance.} Bc5 (24... Qc5 25. Nxd4 $1 Qe5
26. Be3 $16) 25. Bf4 Be6 26. Ng5 Re8 (26... Rc8 27. Nxe6 fxe6 28. c7 Bf8 29.
Qe2 $18) 27. Nxe6 fxe6 (27... Rxe6 $2 28. c7 Re8 29. Rb8 $18) 28. Be5 Bb6 (
28... Be7 29. Bxd4 $18) 29. Bxf6 gxf6 30. Bxh7+ $1 {Ivanchuk is an extremely
strong player so the alternative idea with 30.Qg4+ was surely also considered.
It is well known, that better queen endings are often easily won..} (30. Qg4+
Kh8 31. Qh4 f5 32. Be2 Qc5 33. Qf6+ Kg8 34. Bh5 Rf8 35. Qxe6+ Kg7 36. c7 Bxc7
37. Rb7 $18) 30... Kxh7 31. Rxb6 Qxb6 (31... Rc8 32. Qxd4 $18) 32. Qh5+ Kg7 33.
Qxe8 {White is a tempo ahead and the black king is naked, so Black's
counterplay with d4-pawn does not really stand a chance.} Qb1+ (33... d3 34.
Qd7+ Kh6 35. c7 $18) 34. Kh2 Qe4 35. g3 d3 (35... e5 $1 36. Qd7+ (36. c7 $6 Qf5
$1 37. Qc6 Qxf2+ 38. Qg2 Qf5 39. g4 Qc8 40. Qc6 d3 $16) 36... Kh6 37. Qd5 Qxd5
(37... Qf5 38. Kg2 $18) 38. cxd5 d3 39. c7 d2 40. c8=Q d1=Q 41. Qxa6 $18) 36.
Qd7+ Kg6 37. c7 (37. c7 Qf3 38. Kg1 d2 39. Qxd2 Qb7 40. Qd7 Qb1+ 41. Kh2 Qf5
42. Qd4 $18) 1-0

[Event "RUS-ch Superfinal 61st"]
[Site "Moscow"]
[Date "2008.10.03"]
[Round "1"]
[White "Svidler, Peter"]
[Black "Inarkiev, Ernesto"]
[Result "1-0"]
[WhiteElo "2727"]
[BlackElo "2669"]
[Annotator "Ftacnik,L"]
[PlyCount "83"]
[EventDate "2008.10.03"]
[EventType "tourn"]
[EventRounds "11"]
[EventCountry "RUS"]
[EventCategory "17"]
[SourceTitle "EXT 2010"]
[Source "ChessBase"]
[SourceDate "2010.11.25"]
[SourceVersion "1"]
[SourceVersionDate "2010.11.25"]
[SourceQuality "1"]

1. d4 d5 2. c4 c6 3. Nc3 Nf6 4. e3 e6 5. Nf3 Nbd7 6. Bd3 dxc4 7. Bxc4 b5 8. Bd3
Bd6 9. O-O O-O {This position is currently a hot opening issue and a topic of
an intense scrutiny. It represents the modern form of Semislav opening.} 10. e4
e5 11. Ne2 a6 (11... Re8 12. Qc2 (12. Bg5 h6 13. Bh4 exd4 14. Nexd4 Bb7 15. Nf5
Bf8 16. Re1 Nc5 17. Re3 Ncxe4 18. Rxe4 Rxe4 19. Bxf6 Qxf6 20. Bxe4 Qxb2 21. Qd4
Qxd4 22. N5xd4 Rc8 23. Rc1 {1-0 Korotylev,A (2615)-Sedlak,N (2561)/Moscow 2007
(29)}) 12... Bb7 13. dxe5 (13. Bg5 h6 14. Bh4 Qb6 15. a4 a6 16. Rad1 Rac8 17.
dxe5 Nxe5 18. Bxf6 gxf6 19. Nh4 c5 20. Nc3 c4 21. Be2 bxa4 22. Nxa4 Qb4 23. Nc3
{1-0 Van Wely,L (2680)-Andriasian,Z (2546)/Hoogeveen 2007 (53)}) 13... Nxe5 14.
Nxe5 Bxe5 15. f4 Bd4+ 16. Kh1 c5 17. e5 c4 18. Bf5 g6 19. Nxd4 Qxd4 20. Bh3 Ne4
21. Qe2 f5 22. Be3 Qd5 23. Rfd1 Qc6 {1/2 Kozul,Z (2597)-Graf,A (2646)/Plovdiv
2003 (44)}) (11... Bb7 12. Bg5 Re8 13. Rc1 Rc8 (13... a6 14. Kh1 (14. Bb1 Rc8
15. Ng3 exd4 16. Nxd4 h6 17. Be3 Bf8 18. Ndf5 Ne5 19. Qe2 c5 20. Rfd1 Qb6 21.
f3 Nc4 22. Bf2 Nd5 23. Qc2 Nf4 24. Ne3 Nxe3 25. Bxe3 Qc7 {1/2 Bruzon Bautista,
L (2607)-Vescovi,G (2617)/Linares 2008 (30)}) 14... exd4 15. Nfxd4 Nc5 16. f3
Nxd3 17. Qxd3 Bf8 18. Qc2 c5 19. Nf5 Qb6 20. Neg3 Nd7 21. Rfd1 Ne5 22. Be3 Rad8
23. b4 Nc4 24. Bxc5 Bxc5 25. bxc5 Qxc5 26. Nh5 {1-0 Malakhatko,V (2543)
-Kharitonov,A (2461)/Sozina 2004 (29)}) 14. Kh1 exd4 15. Nexd4 g6 16. Qd2 Bf8
17. Rfe1 Qb6 18. h3 a6 19. e5 c5 20. Nf5 Nh5 21. N5h4 Bg7 22. Bxg6 hxg6 23.
Qxd7 {1/2 Korotylev,A (2546)-Beshukov,S (2507)/Biel 2003 (31)}) 12. b3 Re8 13.
Bb2 Bb7 14. Rc1 {Both sides engage merrily in mobilisation of the reserves.
Svidler is indirectly admitting, that he does not know the method, how to
punish black for the sensible set up.} (14. Ng3 g6 15. dxe5 Nxe5 16. Nxe5 Bxe5
17. Bxe5 Rxe5 18. f4 Rc5 (18... Re7 19. e5 Rd7 20. exf6 Rxd3 21. Qc2 Qd4+ $15)
19. Qe2 Qe7 20. Rae1 Re8 21. e5 {1-0 Guthrie,D (2110)-Turner,M/New Zeeland
1996 (29)}) (14. dxe5 Nxe5 15. Nxe5 Bxe5 16. Bxe5 Rxe5 17. Qc2 Qb6 18. Kh1 Re7
19. Ng3 Rd8 20. Rad1 g6 21. h3 c5 22. Rfe1 {1/2 Horvath,C (2517) -Markus,R 
(2478)/Hungary 2003}) 14... exd4 $5 (14... Rc8 15. dxe5 Nxe5 16. Nxe5 Bxe5 17.
Bxe5 Rxe5 18. f3 c5 $11) 15. Nexd4 c5 (15... Nxe4 16. Bxe4 Rxe4 17. Nxc6 Bxc6 (
17... Qf8 18. Na5 $18) 18. Qxd6 Re6 19. Qd4 Qf8 20. Ng5 (20. Rxc6 Rxc6 21. Qxd7
Rc2 22. Be5 $16) 20... Rd6 21. Qf4 $16) 16. Nf5 Bf8 {Inarkiev was the first to
provoke the direct confrontation. He must have deemed the position promissing
due to the pressure against the e4 square.} 17. e5 (17. Nd2 g6 (17... Nxe4 18.
Nxe4 Bxe4 19. Bxe4 Rxe4 20. Qf3 Re8 21. Rfd1 $14) 18. Ne3 Bg7 $15) 17... Ng4 (
17... Bxf3 18. Qxf3 Nxe5 19. Bxe5 Rxe5 20. Qg3 Rxf5 (20... Qc7 $2 21. Nh6+ Kh8
22. Qxe5 $18) 21. Bxf5 g6 22. Bb1 $14) 18. Nd6 Bxf3 (18... Bxd6 19. exd6 g6 20.
Qd2 Re6 (20... Bxf3 21. gxf3 Nge5 22. Be4 Rb8 23. f4 Nc4 24. bxc4 Rxe4 25. Rfe1
$16) 21. Be2 Ndf6 22. h3 Ne4 23. Qf4 Ngf6 24. Ne5 g5 25. Qf5 Rxd6 26. Bd3 Qe7
27. Rfe1 $14) 19. Qxf3 Ngxe5 $2 {Not even in fairy tales the roads are
splitting into several possibilities without a deeper meaning. Black had to
take back on e5 with one of the knights, but unfortunatelly he touched the
wrong one to his peril.} (19... Ndxe5 $1 20. Bxh7+ Kxh7 21. Qh3+ Kg8 22. Nxe8
Qb6 (22... Qxe8 23. f4 Nc4 $1 24. bxc4 Qe3+ 25. Qxe3 Nxe3 26. Rfe1 Nxc4 27. Bc3
$14) 23. Bxe5 Nxe5 24. Rce1 Rxe8 25. f4 c4+ 26. Kh1 Bd6 27. fxe5 Bxe5 $14) 20.
Bxh7+ Kxh7 21. Qf5+ $1 Kg8 (21... g6 22. Qh3+ Kg8 23. Nxe8 Qxe8 24. f4 $16) 22.
Nxe8 Qxe8 23. Rce1 $1 {The fate of the knight e5 is sealed and black will have
virtually no compensation for the missing exchange.} g6 24. Qe4 Bg7 (24... c4
25. Bxe5 Nxe5 26. bxc4 bxc4 27. Qxe5 Qxe5 28. Rxe5 $16) 25. f4 Rb8 26. Qd5 (26.
fxe5 Qe6 27. Re3 Re8 28. Rfe1 $16) 26... Rb6 (26... Nb6 27. Qd6 Nf3+ 28. gxf3
Qf8 29. Qxf8+ Bxf8 30. f5 gxf5 31. Kh1 $16) 27. fxe5 Re6 28. Rd1 (28. Kh1 $5 c4
29. Re3 cxb3 30. axb3 Bxe5 31. Bxe5 Nxe5 32. Rfe1 f6 33. Rc3 $16) 28... Nxe5
29. Qxc5 Nf3+ $1 {Willingly or not black simply has to choose this exchange
combination if he wants to prolong the resistance.} (29... Re7 30. Bc3 $18) 30.
Rxf3 Bxb2 31. Qd5 Bf6 32. Rdf1 (32. Qd7 Re1+ 33. Rf1 Rxf1+ 34. Kxf1 Qe5 35. Qd6
$18) 32... Qe7 33. g3 {The days of second player are numbered, since he is
sitting without the exchange. On the other hand the realisation is requiring
certain level of patience, since the defense is very compact.} (33. Qa8+ Kg7
34. Rh3 Bh4 35. Qc8 $16) 33... Kg7 (33... Rd6 34. Qa8+ Kg7 35. Kg2 $16) 34. Kh1
Rd6 35. Qa8 b4 (35... Qd7 36. Kg2 Rc6 37. R1f2 $16) 36. Rf4 Bc3 37. Re4 $1 {
Svidler elegantly avoided the devilish temting of the queen grab after the
exchanges on the square f7. The win will be much easier with the help of an
attack along the 8th rank.} (37. Rxf7+ Qxf7 38. Rxf7+ Kxf7 39. a4 $2 bxa3 40.
Qb7+ Kg8 41. Qc8+ Kh7 42. Qxc3 Rd1+ 43. Kg2 a2 44. Qc7+ $11) 37... Qc7 38. Rh4
Rd8 (38... Qc6+ 39. Qxc6 Rxc6 40. Rc4 $18) 39. Qxa6 f5 40. Rc4 Qe7 41. Qc6 Kh6
42. Qf3 {The time trouble is over and the black defense was broken.} 1-0

[Event "Hoogovens"]
[Site "Wijk aan Zee"]
[Date "1999.01.29"]
[Round "11"]
[White "Shirov, Alexei"]
[Black "Reinderman, Dimitri"]
[Result "1-0"]
[WhiteElo "2726"]
[BlackElo "2542"]
[Annotator "Ribli,Z"]
[PlyCount "87"]
[EventDate "1999.01.16"]
[EventType "tourn"]
[EventRounds "13"]
[EventCountry "NED"]
[EventCategory "17"]
[SourceTitle "CBM 069"]
[Source "ChessBase"]
[SourceDate "1999.04.01"]
[SourceVersion "1"]
[SourceVersionDate "1999.04.01"]
[SourceQuality "1"]

1. e4 {Tisdall} c5 2. Nf3 Nc6 3. Nc3 {So kann Weiß die Sveshnikov-Variante
vermeiden. Ribli.} e6 4. d4 cxd4 5. Nxd4 a6 6. Be2 Nge7 {Eine seinerzeit von
Taimanov in die Turnierpraxis eingeführtete Fortsetzung. Die schwarze
Hauptidee ist ...Nxd4 nebst ...Nc6 zu spielen.} 7. f4 {Dieser Zug führt zu
komplitziertem Spiel und ist daher ganz in Shirovs Sinne. Die Alternativen
sind 7.Nb3, 7.Bf4, 7.Be3 und 7.0-0.} Nxd4 8. Qxd4 b5 9. O-O Qc7 10. Qf2 Nc6 {
Endlich steht der Königsspringer auf c6, aber es ist gewöhnlich in der
Sizilianischen Verteidigung besser, den Springer nach d7 zu entwickeln, denn
jetzt ist das Feld b6 ein wenig schwach.} 11. Be3 Be7 12. a4 $14 {Das ist eine
typische Methode für Weiß in der Paulsen-Variante.} b4 (12... bxa4 13. Rxa4
$36) 13. Nb1 {Der Springer strebt über d2 nach c4.} Rb8 14. Nd2 O-O 15. Bd3 d6
16. Rad1 $146 {Weiß hat eine potentielle Angriffsstellung mit etwas besserem
Figurenspiel.} (16. Qg3 $1 f5 $1 17. exf5 exf5 18. Nf3 Bf6 19. Rab1 Ne7 20.
Rfe1 Bb7 21. Nd4 Qd7 22. Bf2 Qxa4 $1 23. Nxf5 Nxf5 24. Bxf5 Rbe8 25. Qd3 {
1/2-1/2 van der Wiel,J-Andersson,U/Wijk aan Zee 1987/Inf 43 (32)}) 16... b3 {
'?!' Tisdall. Ein interessantes Bauernopfer, aber ich bin von seiner
Korrektheit nicht ganz überzeugt.} (16... Bf6 $5) 17. cxb3 (17. Nxb3 $5 Bf6
18. Bc1 Nb4 $44) 17... Bf6 18. Rc1 $5 {Weiß gibt den Bauern auf und besetzt
die c-Linie.} (18. Bb1 a5 (18... Bxb2 $2 19. Nc4 $16)) 18... Bxb2 19. Rc2 Ba3 (
19... Bf6 20. Rfc1 Bb7 21. Bxa6 Bxa6 22. Rxc6 Qb7 23. Rb6 Qa8 24. Rxd6 $16) 20.
e5 $1 d5 (20... dxe5 21. Nc4 Rxb3 22. Nxe5 $16 (22. Nxa3 $2 Rxd3 $17)) 21. Nf3
{Tisdall: 'The critical position for one of the most spectacular games of the
event. Since this was not analyzed to death in the way Kasparov-Topalov was,
there is more room here for independent investigation.' Jeder weiße Zug kommt
mit Tempo.. Schwarz hat Probleme mit seinen c6-Springer und seiner
Königsstellung.} Qd7 {Schwarz entfesselt sich in der c-Linie.} (21... Rxb3 22.
Bxh7+ $1 Kxh7 23. Nd4 {Tisdall: '(?!) - Shirov'} (23. Qh4+ $5 Kg8 24. Ng5 Re8 (
24... Rd8 25. Qh7+ Kf8 26. Qh8+ Ke7 27. Qxg7) 25. Qh5 $1 Rxe3 26. Rxc6 Qxc6 (
26... Qa7 $2 27. Kh1 {seems to help white. It is better to save a check on a7
for later, since black can hardly move with his queen needing to defend f7
from a7. For example:} Qd7 28. f5 {The black queen is misplaced on d7, where
it can be hit with fxe6.} exf5 29. Rf6 $3 {and white crashes through. Poor
defence, but it helps to show some of the themes at work here.}) (26... Qd7 27.
f5 Rxe5 28. fxe6 (28. Qh7+ Kf8 29. f6 Qa7+ 30. Kh1 gxf6 {and white faces an
uphill struggle.} 31. Qh6+ (31. Qh8+ Ke7 32. Qxf6+ Kd7 {does not seem to lead
anywhere.} 33. Rxc8 Rxc8 34. Qxe5 Qf2 $1 $17) 31... Ke7 32. Nxf7 $5 Re1 $5 (
32... Rf5 33. Rxf5 exf5 (33... Qd4 $5 {is far from clear.}) 34. Qg7 $1 {
and black must hope a repetition is the best white can do after} Qb8 $1 35. h3
$5 Kd7 (35... Qb1+ 36. Kh2 Qb8+ 37. Nd6+ Ke6 (37... Kd8 38. Rxc8+) 38. Qf7+) (
35... Rg8 $5 36. Qxg8 Qb1+ 37. Kh2 Qb8+ 38. Qg3 Qxg3+ 39. Kxg3 Bd7 40. Rc7 {
and white may be slightly better.}) 36. Ne5+ Kd8 37. Rd6+ Qxd6 38. Nf7+ Kd7 39.
Nxd6+ Kxd6 (39... Re7 40. Nf7) 40. Qg3+ {and white has the advantage.}) (32...
Qf2 $4 33. Rc7+ Bd7 34. Rxd7+ Kxd7 35. Nxe5+ fxe5 36. Rxf2) 33. Rxe1 Qf2) 28...
Qa7+ (28... R5xe6 29. Qh7+ Kf8 30. Nxe6+ Rxe6 31. Rxc8+ Qxc8 32. Qh8+) 29. Kh1
Bxe6) (26... Qb7 $5 {is also possible.}) 27. Qxf7+ Kh8 28. Qg6 Kg8 29. f5 {
was given in the post mortem, with Shirov having faith in white's attack here.}
) 23... Rb2 {Tisdall (!) was given by Shirov as pulling the teeth of white's
attack, and in the post-mortem he concentrated on the intricacies of
concentrating on the kingside. Understandable, but it appears that white
maintains a clear edge here after} (23... Rb6 24. a5 $16) 24. Bc1 $1 {intending
} Nxd4 25. Qh4+ Kg8 26. Rxc7 Ne2+ 27. Kh1 Rb1 {and black will not be able to
reach an adequate material balance. So this may be better, though less
entertaining, than the sacrifice.}) (21... Qb7 {Tisdall: also confused Shirov
during the game, in the sense that he was extremely unsure whether or not to
sacrifice on h7. His planned} 22. Qh4 h6 (22... g6 23. Qh6) 23. f5 {appears to
give white a fearsome attack.}) 22. Bxh7+ $1 $40 {'!' Tisdall. Tisdall: 'OK,
we have all seen this before, but it is equally clear that white's attack is
not as straightforward as it usually is in this attacking formation. Shirov
bashed this off without a second's hesitation, and having seen him attack like
this live, I can only imagine how depressed Reindermann must have been to get
this bishop in his face. As Shirov explained: "Last year, I failed to win even
one spectators' prize. This year, we're already in the eleventh round and I
still hadn't picked up one of those prizes. So I didn't even want to think
about other moves," he said. '} (22. Bc5 Bxc5 23. Rxc5 $14) 22... Kxh7 23. Qh4+
Kg8 (23... Kg6 $2 24. g4 $18) 24. Ng5 Re8 (24... Rd8 $6 {Dieser Zug ist
schlechter als die Partiefortsetzung, denn jetzt hat der schwarze König kein
Schlupfloch auf d8.} 25. Qh7+ Kf8 26. Qh8+ Ke7 27. Qxg7 Rf8 28. f5 $40) 25. Rf3
{'!!' Tisdall. Tisdall: 'Most people would have concentrated on'} (25. Qh7+ Kf8
26. Qh8+ Ke7 27. Qxg7 {Tisdall: 'but'} Kd8 $13 {Tisdall: 'does not leave white
with a clear continuation of the attack. Shirov prefers to keep the black king
at home.'}) 25... Ne7 $8 (25... Kf8 $2 26. Nh7+ Kg8 27. Nf6+ {'!' Tisdall.}
gxf6 28. Rg3+ Kf8 29. exf6 $18 {Tisdall: 'mates.'}) 26. Qh7+ (26. Rh3 $4 {
Tisdall} Ng6 {allows black to set up a defence.}) 26... Kf8 27. Qh8+ Ng8 {
Tisdall: 'It is not obvious what white has achieved by allowing black to bring
his knight into the defence. White follows through with a new series of
line-opening sacrifices.'} 28. f5 $1 {Schwarz hat eine Figur mehr, aber der
weiße Angriff ist überzeugend.} exf5 29. e6 $1 {Weiß opfert einen weiteren
Bauern für offene Linien.} fxe6 {Tisdall: 'Now white has made space for the
bishop to join in the attack, as well as having ventilated the black kingside,
in particular, the second/seventh rank.'} (29... Rxe6 30. Nh7+ Ke7 31. Bg5+ f6
(31... Kd6 {Tisdall} 32. Bf4+ $18) 32. Qxg8 $18) 30. Rg3 $16 {Tisdall: 'Now
white threatens to blast through to g7, which has added force now that black's
second rank is open. Black's scattered forces make it extremely difficult to
mobilize a defence.'} g6 (30... e5 31. Nh7+ Ke7 32. Rxg7+ Kd6 33. Rg6+ $1 (33.
Rxd7+ $16) 33... Re6 (33... Qe6 34. Qg7 $1 $18) 34. Rxg8 $18) 31. Nh7+ Kf7 (
31... Ke7 32. Bg5+ Kf7 33. Bf6) 32. Bh6 {'!' Tisdall.} Ke7 (32... Nxh6 33. Qf6+
$18 (33. Qf6+ {Tisdall} Kg8 34. Rxg6+ Kxh7 35. Rxh6+ Kg8 36. Rh8#)) (32... Bf8
{Tisdall} 33. Bxf8 Rxf8 34. Rxg6 $1 Qa7+ 35. Kh1 Kxg6 36. Nxf8+ Kg5 (36... Kf7
37. Qh7+ Kxf8 38. Qxa7) 37. Qxg8+ $18 Kf6 38. Nh7+ Ke5 39. Qg3+ f4 40. Re2+ Kd6
41. Qxf4+ Kc6 42. Rc2+) 33. Bg5+ Kf7 34. Bf6 {Weiß hat entscheidenden Angriff.
Der schwarze Materialvorteil hat da keine Bedeutung.} (34. Nf6 {Tisdall was
even more devastating, though less spectacular.}) 34... Rf8 (34... Qa7+ 35. Kh1
) 35. Rc7 $1 {Ein sehr schöner Zug! Weiß opfert noch einen Turm.} Nxf6 (35...
Qxc7 36. Qg7+ Ke8 37. Qxc7 $18) 36. Qxf6+ Ke8 37. Qxg6+ {Tisdall: 'Black can
no longer avoid massive material losses, and there are no unexpected technical
problems lurking.'} Kd8 (37... Rf7 38. Nf6+ $18) 38. Rxd7+ Bxd7 39. Nxf8 $18 {
Die Partie ist wegen des großen weißen Materialvorteils entschieden.} Bxf8
40. Qf6+ {Mit einfachen Zügen realisiert Weiß sein Übergewicht.} Be7 (40...
Ke8 41. Rg8 $18) 41. Rg8+ Kc7 42. Qc3+ Kb7 (42... Bc6 43. Rxb8 $18) 43. Rxb8+
Kxb8 44. h4 {'!' Tisdall. Und Schwarz gab auf. Der weiße h-Bauer entscheidet
die Partie. Eine gute Angriffspartie von Shirov.} (44. h4 Bxh4 45. Qh8+ $18 {
Tisdall: 'so the h-pawn will cost black even more. A textbook attacking game,
with a wealth of instructive, thematic ideas.'}) 1-0